The United States and Latin America /

Bibliographic Details
Main Author: Latané, John Holladay, 1869-1932
Format: Book
Language:English
Published: Garden City, N.Y. : Doubleday, Page & company, 1920.
Subjects:

MARC

Tag First Indicator Second Indicator Subfields
LEADER 00000cam a2200000 4500
001 in00000067645
005 20151008050151.0
008 720315s1920 nyub 00110 eng d
010 |a  20014147  
035 |a (OCoLC)00263560 
035 |9 AAF9953AM 
040 |a YNG  |c YNG  |d OCL  |d TXA  |d UtOrBLW 
049 |a TXAM  |c 1 [42229] 
050 0 |a JX1428.S7  |b L33 
090 |a JZ1519  |b .L373 1920 
092 |a 327.73  |b L351u 
100 1 |a Latané, John Holladay,  |d 1869-1932. 
245 1 4 |a The United States and Latin America /  |c by John Holladay Latane... 
264 1 |a Garden City, N.Y. :  |b Doubleday, Page & company,  |c 1920. 
300 |a 346 pages :  |b frontispiece (map) ;  |c 21 cm. 
336 |a text  |b txt  |2 rdacontent 
337 |a unmediated  |b n  |2 rdamedia 
338 |a volume  |b nc  |2 rdacarrier 
500 |a "Based on a smaller volume issued by the Johns Hopkins press in 1900 under the title "The diplomatic relations of the United States and Spanish America."--Pref." 
651 0 |a United States  |x Foreign relations  |z Latin America. 
651 0 |a Latin America  |x Foreign relations  |z United States. 
999 |a MARS 
999 f f |s 1ff9a227-d81a-351f-abb7-f9f6c7eef731  |i 068369a1-10f0-3104-be2c-c1708fb83f11  |t 0 
952 f f |p ric  |a Texas A&M University  |b Rellis Campus  |c Joint Library Facility  |d Remote Storage  |t 0  |e JZ1519 .L373 1920  |h Library of Congress classification  |i unmediated -- volume  |m A14836272373 
998 f f |a JZ1519 .L373 1920  |t 0  |l Remote Storage